|
|
|
|
| LEADER |
00610 a2200181 4500 |
| 005 |
20151026133426.0 |
| 008 |
150817b xxu||||| |||| 00| 0 eng d |
| 020 |
|
|
|a 9789351110873
|
| 080 |
|
|
|a 597.31
|b STE
|
| 100 |
|
|
|a Stellman, Dale L.
|
| 245 |
|
|
|a Sharks, skates and rays
|b the biology of elasmobranch fishes
|
| 260 |
|
|
|c 2013
|b Random Publications
|a New Delhi
|
| 300 |
|
|
|a 252 p.
|
| 653 |
|
|
|a Elasmobranch fishes
|
| 653 |
|
|
|a Cartilaginous fishes
|
| 942 |
|
|
|c BK
|6 _
|
| 999 |
|
|
|c 70808
|d 70808
|
| 952 |
|
|
|0 0
|1 0
|2 udc
|4 0
|6 59731_STE
|7 0
|9 82802
|a UL
|b UL
|d 2015-03-04
|g 0.00
|o 597.31 STE
|p 00073241
|r 2015-03-05
|v 0.00
|w 2015-03-04
|y BK
|